[Event "Ch-DEN"]
[Site "corr"]
[Date "2000.01.24"]
[Round "?"]
[White "Bisgaard, Peter"]
[Black "Madsen, Flemming"]
[Result "1/2-1/2"]
[WhiteElo "2067"]
[BlackElo "2028"]
[PlyCount "119"]
[EventDate "2000.??.??"]
[Source "DSU"]
[SourceDate "2003.03.13"]

1. d4 f5 2. c4 Nf6 3. g3 g6 4. Bg2 Bg7 5. Nh3 O-O 6. Nc3 d6 7. d5 c6 8. Nf4 Qe8
9. h4 e5 10. dxe6 Bxe6 11. Qb3 Rf7 12. h5 gxh5 13. Nxe6 Qxe6 14. Bf4 Na6 15.
Rd1 Nc5 16. Qa3 Qxc4 17. Bxd6 Nce4 18. Nxe4 fxe4 19. Be5 Raf8 20. Qxa7 Ng4 21.
Bxg7 Rxg7 22. O-O Qxe2 23. Rde1 Qxb2 24. Rxe4 Rgf7 25. f3 Nh6 26. Qc5 Nf5 27.
Rf2 Qf6 28. Rf4 Qa1+ 29. Kh2 Qg7 30. g4 Nh6 31. Rxf7 Qxf7 32. Qg5+ Qg6 33.
Qxg6+ hxg6 34. Rb2 hxg4 35. fxg4 Nxg4+ 36. Kg3 Ne3 37. Rxb7 Nxg2 38. Kxg2 Ra8
39. Rc7 Rxa2+ 40. Kf3 Rc2 41. Kf4 Rc5 42. Ke4 g5 43. Kd4 Rc1 44. Ke5 g4 45. Kf6
Rc4 46. Kg6 Kf8 47. Kf6 Ke8 48. Rg7 Rf4+ 49. Ke5 Ra4 50. Ke6 Re4+ 51. Kf5 Rb4
52. Ke6 Kf8 53. Rg6 Ra4 54. Rg5 Re4+ 55. Kf5 Rc4 56. Ke6 Rf4 57. Rg6 Re4+ 58.
Kf5 Rc4 59. Ke6 c5 60. Rg5 1/2-1/2

[Event "Ch-DEN"]
[Site "corr"]
[Date "2000.09.13"]
[Round "?"]
[White "Bisgaard, Peter"]
[Black "Larsen, Henning"]
[Result "1/2-1/2"]
[WhiteElo "2067"]
[BlackElo "2192"]
[PlyCount "71"]
[EventDate "2000.??.??"]
[Source "DSU"]
[SourceDate "2003.03.13"]

1. d4 d5 2. c4 c6 3. Nf3 Nf6 4. Nc3 dxc4 5. a4 Bf5 6. e3 e6 7. Bxc4 Bb4 8. O-O
Nbd7 9. Nh4 O-O 10. Qb3 Qb6 11. h3 Rad8 12. Rd1 a5 13. Bd2 Qc7 14. Rac1 Nb6 15.
Bf1 Qe7 16. g3 h6 17. Nxf5 exf5 18. Bg2 Qe6 19. Qxe6 fxe6 20. b3 Rfe8 21. Nb1
Bxd2 22. Rxd2 Rd6 23. Rb2 e5 24. b4 Nxa4 25. Ra2 Nb6 26. dxe5 Rxe5 27. bxa5
Nbd5 28. a6 bxa6 29. Rxa6 Ree6 30. Na3 Ne4 31. Nc4 Rd7 32. Rd1 Rc7 33. h4 g5
34. Na5 Ndc3 35. Rd8+ Kf7 36. Raa8 1/2-1/2

[Event "Ch-DEN"]
[Site "corr"]
[Date "2000.??.??"]
[Round "?"]
[White "Bisgaard, Peter"]
[Black "Kramer, Svend Erik"]
[Result "1/2-1/2"]
[WhiteElo "2067"]
[BlackElo "2466"]
[PlyCount "66"]
[EventDate "2000.??.??"]
[Source "DSU"]
[SourceDate "2003.03.13"]

1. d4 Nf6 2. c4 g6 3. Nc3 d5 4. Nf3 Bg7 5. Qb3 dxc4 6. Qxc4 O-O 7. e4 Bg4 8.
Be3 Nfd7 9. Rd1 Nb6 10. Qb3 e6 11. Be2 Nc6 12. Ng1 Bxe2 13. Ngxe2 Qe7 14. O-O
Rfd8 15. Na4 Nxa4 16. Qxa4 Rd7 17. a3 a6 18. Qb3 Rb8 19. Rd2 Qd8 20. Rfd1 Na5
21. Qc2 b5 22. Rd3 Nc4 23. Bc1 Qe7 24. a4 Na5 25. b3 c6 26. Bd2 Qd8 27. axb5
cxb5 28. Rc1 Nb7 29. Be3 Nd6 30. Rc3 b4 31. Rc5 Nb5 32. e5 Bf8 33. Rc6 a5
1/2-1/2

[Event "Ch-DEN"]
[Site "corr"]
[Date "2000.??.??"]
[Round "?"]
[White "Bisgaard, Peter"]
[Black "Christiansen, Tonny"]
[Result "1/2-1/2"]
[WhiteElo "2067"]
[BlackElo "2326"]
[PlyCount "44"]
[EventDate "2000.??.??"]
[Source "DSU"]
[SourceDate "2003.03.13"]

1. d4 Nf6 2. c4 e6 3. Nc3 Bb4 4. Qc2 O-O 5. a3 Bxc3+ 6. Qxc3 b6 7. Bg5 Bb7 8.
f3 h6 9. Bh4 d5 10. e3 Nbd7 11. Nh3 Re8 12. Be2 Qe7 13. O-O Rac8 14. Rac1 c5
15. dxc5 Rxc5 16. b4 Rc7 17. Qb2 Rec8 18. cxd5 exd5 19. Rxc7 Rxc7 20. Qd2 Ne5
21. Rc1 Nc4 22. Qd4 Nxa3 1/2-1/2

[Event "Ch-DEN"]
[Site "corr"]
[Date "2000.??.??"]
[Round "?"]
[White "Bisgaard, Peter"]
[Black "Hansen, Ojvind"]
[Result "1-0"]
[WhiteElo "2067"]
[BlackElo "2151"]
[PlyCount "107"]
[EventDate "2000.??.??"]
[Source "DSU"]
[SourceDate "2003.03.13"]

{Dette parti er jeg godt tilfreds med. Hvid afviser et agressivt sort
kvalitetsoffer. Sort bliver herefter sat under pres med et langsigtet
bondeoffer.} 1. d4 Nf6 2. c4 g6 3. Nc3 d5 4. Nf3 {Dette parti blev spillet før
jeg havde læst Hans Berliner's bog. Ellers havde jeg slået på d5.} 4... Bg7 5.
Qb3 dxc4 6. Qxc4 O-O 7. e4 Bg4 8. Be3 Nfd7 9. Rd1 Nc6 10. Qb3 Nb6 11. d5 Ne5
12. Be2 Nxf3+ 13. gxf3 Bh5 14. Rg1 Qd7 15. Rg3 c6 16. dxc6 Qxc6 17. Nb5 Rfc8
18. Rg5 $5 {Vistnok en nyhed. Ideen er, at tårnet kan svinges til c5. Jeg brød
mig ikke om teoriens (og computerens) anbefaling med at slå på a7, da det
giver sort fin kompensation. Det er nu engang rarest at have initiativet i et
K-parti.} (18. Nxa7 Rxa7 19. Bxb6 Rxa2 20. Qxa2 Qxb6 21. b3 Bd4 {
med fin kompensation. Sort har et meget stærkt løberpar.}) 18... Qe6 {
Ser lidt mærkeligt ud, men alternativerne er heller ikke overbevisende.} (18...
Qf6 19. Nxa7 Rxa7 20. Rb5 $16) (18... e5 19. a4 Rd8 20. Nxa7 Rxd1+ 21. Bxd1
Rxa7 22. Qxb6 Qxb6 23. Bxb6 $14) 19. Qxe6 fxe6 20. Rc5 Rxc5 21. Bxc5 Kf7 22. b3
Be5 {Hvad er så den rigtige plan? Sort truer med at slå på h2, eller at spille
a6, og når Nb5 flytter, kan løberen stå på c7.} 23. Be3 $5 ({
Et interessant bondeoffer. Man kunne også spille det roligere} 23. h3 a6 24.
Nd4 Bc7 25. f4 Bxe2 26. Kxe2 Rd8 $14) 23... Bxh2 {Sort æder maddingen, og
hvid avancerer nu i centrum. Jeg brugte enormt langt tid på at analysere
bondeofret, og vurderede, at det giver rigtigt gode chancer. Computeren var
ikke altid lige begejstret!} (23... a6 24. Na3 Bc7 25. Rc1 $16) 24. f4 e5 (
24... Bxe2 25. Kxe2 e5 26. Rh1 Bxf4 27. Rxh7+ Kf6 28. Nc7 $16) (24... Kf6 25.
Bxh5 gxh5 26. Ke2 e5 27. fxe5+ Bxe5 28. f4 Bb8 29. Rh1 $16) 25. Bxh5 gxh5 26.
fxe5 Bxe5 27. f4 Bb8 28. Ke2 a6 29. Nd4 {Sort fører med en bonde, men tårnet
er spærret inde, og h-bønderne svage. Efter min mening klar hvid fordel.} 29...
Nd7 30. Nf5 Nf6 31. e5 Ng4 32. Bb6 a5 (32... Ba7 33. Bxa7 Rxa7 34. Rh1 e6 35.
Nd4 $16) 33. Rd8 Ra6 34. Bd4 ({Computeren kan bedre lide} 34. Bc5 {
men sort kan få chancer ved at ofre på e5, så derfor valgte jeg at overdække.})
34... Bc7 (34... Ba7 35. Bxa7 Rxa7 36. Rb8 $16 {Sort kan næsten ikke røre sig.}
) 35. Rc8 Rc6 (35... Ke6 36. Ng7+ Kd7 37. Rh8 h6 38. Nxh5 $16) (35... Bb6 36.
Kf3 ({Efter} 36. Bxb6 {kan sort drille, f.eks} 36... Rxb6 37. Rc7 Ke6 38. Ng7+
(38. Nxe7 Rb4 39. Kf3 a4 {med modspil}) 38... Kf7 39. Nxh5 Rb4 40. Kf3 Nh2+ 41.
Kg3 Nf1+ 42. Kf2 Nh2 43. Kg2 Ng4 44. Kg3 Ne3 45. Nf6 $13) 36... Bxd4 37. Nxd4
a4 38. b4 a3 39. Rc7 $16) 36. Ba7 {
For at give plads til springeren på d4. Samtidig kan Bb8 blive en mulighed.}
36... Rc2+ {Fører i sidste ende til materialetab. Bedre var f.eks.}(36... h4
37. Nxh4 37... Ke6) 37. Kd3 Rc1 38. Kd2 Rc6 39. Nd4 Bxe5 40. Nxc6 Bxf4+
41. Ke2 bxc6 42. Rxc6 h4 43. Rc3 Kg6 44. Bb6 Nf6 45. Rh3 Kh5 46. Bxa5 Kg4
47. Rh1 h3 48. Rg1+ Kf5 49. Be1 Ne4 50.Kf1 h2 51. Rh1 Ke5 52. a4 1-0

[Event "Ch-DEN"]
[Site "corr"]
[Date "2000.02.12"]
[Round "?"]
[White "Bisgaard, Peter"]
[Black "Simmelsgaard, Jes"]
[Result "1-0"]
[WhiteElo "2067"]
[BlackElo "2122"]
[PlyCount "75"]
[EventDate "2000.??.??"]
[Source "DSU"]
[SourceDate "2003.03.13"]

1. d4 Nf6 2. c4 b6 3. Nc3 Bb7 4. Qc2 e6 5. e4 Bb4 6. Bd3 c5 7. d5 b5 8. b3 d6
9. Nge2 bxc4 10. bxc4 Nbd7 11. O-O O-O 12. f4 Ba6 13. Rb1 $6 {Her var Bb2
direkte nok bedre, for tårnet flytter igen om lidt. Hvid står lidt bedre i
kraft af centrum og kontrollen over e5, som sort ikke kan benytte til sin
springer. Det store spørgsmål nu er, om sort vil bytte på d5 eller spille e5.}
13... Rb8 14. Rf3 Ba5 15. Bb2 e5 16. g3 {
Hvid må endelig ikke give sort kontrollen med e5.} 16... Re8 {Det sjove ved
denne type stillinger er, at computeren analyserer elendige træk som f.eks. 17.
a3, 17.h3 eller 17.Nb5. Stillingstyper, hvor langsigtet planlægning er alfa og
omega, det er ikke lige en computers livret. For mig er planen helt klar: Rbf1,
Nc3-d1-e3-f5. Noget i den stil, så skal der nok komme yderligere indrømmelser,
der kan angribes.} 17. Rbf1 Ng4 $6 {Et ægte computertræk. Hvad er ideen?} 18.
Nd1 Bc8 19. h3 Ngf6 20. Ne3 exf4 $2 {Simmelsgaard's computer ser en mulighed
for at vinde en bonde på e4, men overser underligt nok, at hvid får et fantasktisk
angreb.} 21. gxf4 Nxe4 22. Bxe4 Rxe4 23. Ng3 (23. Qxe4 Rxb2 $15) 23...
Re8 24. Nef5 {
Av, av. Problemer på g7 og d6. Nu er det allerede gået helt galt for sort.}
24... f6 25. Nxd6 Rf8 26. Qg2 g6 27. f5 g5 28. Nge4 Bc7 29. Nxc8 Qxc8 30. d6
Ba5 31. h4 g4 (31... h6 32. hxg5 fxg5 33. Qh1 Rxb2 34. Qxh6 {
med afgørende angreb.}) 32. Rg3 $1 (32. Qxg4+ Kh8 33. Rg3 Rg8 34. Qxg8+ Qxg8
35. Rxg8+ Rxg8+ 36. Kf2 {
vinder også, men jeg ville ikke i slutspil i sådan en angrebsstilling.}) 32...
Kh8 33. Rxg4 Qb7 34. Ba1 Rf7 35. Kh2 Qc8 36. Rg1 Qf8 37. Ng5 Rg7 38. Qd5 {
og sort opgav den håbløse kamp.} 1-0

[Event "Ch-DEN"]
[Site "corr"]
[Date "2000.??.??"]
[Round "?"]
[White "Christiansen, Tonny"]
[Black "Ros, Aksel"]
[Result "1-0"]
[WhiteElo "2326"]
[BlackElo "2166"]
[PlyCount "101"]
[EventDate "2000.??.??"]
[Source "DSU"]
[SourceDate "2003.03.13"]

1. d4 d5 2. c4 c6 3. Nc3 Nf6 4. Nf3 dxc4 5. a4 Bf5 6. e3 e6 7. Bxc4 Bb4 8. O-O
O-O 9. Qe2 Bg4 10. Rd1 Qa5 11. Bd2 Rd8 12. h3 Bh5 13. Rac1 Nbd7 14. b3 Bxf3 15.
Qxf3 e5 16. Qf5 Re8 17. Ne4 Bxd2 18. Nxd2 Qb4 19. Ne4 Qe7 20. dxe5 Nxe5 21.
Nxf6+ Qxf6 22. Qxf6 gxf6 23. Rd6 Kg7 24. Rcd1 Rac8 25. Be2 Rc7 26. a5 a6 27. g3
Ree7 28. g4 Nd7 29. R1d4 Nc5 30. Bc4 Ne4 31. Rd8 Ng5 32. Kg2 Ne6 33. Bxe6 fxe6
34. Kg3 Rf7 35. R4d6 Rfe7 36. h4 c5 37. Rb6 c4 38. bxc4 Rxc4 39. Rb8 Rcc7 40.
h5 h6 41. f4 Kf7 42. Kh4 Red7 43. Rh8 Kg7 44. Re8 Rc5 45. Rexe6 Rf7 46. e4 Rxa5
47. e5 fxe5 48. f5 Rc5 49. Rxh6 Rfc7 50. Rbg6+ Kf8 51. Rh8+ 1-0

[Event "Ch-DEN"]
[Site "corr"]
[Date "2000.??.??"]
[Round "?"]
[White "Christiansen, Tonny"]
[Black "Jorgensen, Eskild"]
[Result "1/2-1/2"]
[WhiteElo "2326"]
[BlackElo "2236"]
[PlyCount "112"]
[EventDate "2000.??.??"]
[Source "DSU"]
[SourceDate "2003.03.13"]

1. d4 c6 2. c4 d5 3. Nc3 Nf6 4. Nf3 dxc4 5. a4 Bf5 6. e3 e6 7. Bxc4 Nbd7 8. O-O
Bb4 9. Nh4 (9. Qe2 Bg6 10. e4 O-O 11. Bd3 Bh5 (11... Qa5 12. Bf4 Rfc8 13. Nd2
Bxc3 14. bxc3 Qxc3 15. Rfc1 Qxd4 16. Nf3 Qb4 17. Rab1 Qf8 18. Bd2 Qd6 19. Bc2
Bh5 20. Rxb7 Ne5 21. Rd1 Qa3 22. Bb3 Rab8 $17) 12. e5 Nd5 13. Nxd5 cxd5 14. Qe3
Bg6 15. Bxg6 fxg6 16. Ng5 Re8) 9... Bg4 10. f3 Bh5 11. g4 (11. g3 O-O 12. Ne2 (
12. Ng2 e5 13. g4 Bg6 14. g5 Ne8 15. f4 exf4 16. exf4 Nb6 17. Bb3 Nd6 18. a5
Nbc8 19. a6 b5 20. Qf3 Ne7 21. Be3 Rc8) (12. Qd3 a5 13. e4 Nb6 14. Be3 Nxc4 15.
Qxc4 Nd7 (15... Ne8 16. Ng2 Nd6 17. Qb3 b5 18. Na2 Nc4 19. axb5 cxb5 20. Nxb4
axb4 21. Rxa8 Qxa8 22. Qxb4 Qd8 23. Qc3) 16. Rad1 Qe7 17. Ng2 f6 18. Na2 Bd6
19. Nc3 Bf7 20. Qe2 Bb4 21. Bf2 e5) (12. Qb3 a5) (12. Qc2 Rc8 13. Ba2 Qb6 14.
Qf2 Qa5 15. e4 e5 16. Be3 exd4 17. Bxd4 Ne5 18. Kg2 Rcd8 19. Rad1 Rd7 20. g4
Nexg4 21. fxg4 Nxg4) 12... c5 13. Bd2 Bxd2 14. Qxd2 g5 15. Ng2 Ne5 16. Qc1
Nxf3+ 17. Kh1 Ne4 18. Bd3 Nfd2 19. Bxe4 Nxe4 20. Nc3 Nxc3 21. bxc3 Bg6) (11. e4
Nb6 12. Be2 Nfd7 13. g3 a5 14. Be3 O-O 15. Ng2 f6 16. Nf4 Bf7 17. Nd3 Nc4 18.
Bc1 e5 19. dxe5 Ndxe5 20. Kh1 Nxd3 21. Bxd3 Ne5 22. Be2) 11... Nd5 (11... Bg6
12. e4 c5 13. Na2 a5 14. Nxb4 axb4 15. dxc5 O-O 16. Nxg6 hxg6 17. Be3 Rc8 18.
g5 Nh7 19. Qd2 Nxc5 20. Qxb4 Nd3 21. Qb3 Ne5 22. Be2 Nc6 23. Rfd1 $16) 12. Ng2
(12. Qe1 Bg6 (12... Be7 13. Ng2 Bg6 14. e4 Nb4 15. Qd1 e5 16. Be3 h5 (16... O-O
17. dxe5 Nxe5 18. Bb3 Qxd1 19. Raxd1 Rfd8 20. Rxd8+ Bxd8 21. h3 Ned3 22. f4 h6
$11) 17. f4 exd4 18. Bxd4 hxg4 19. Rc1 Bc5 20. Bxc5 Nxc5 21. Qxd8+ Rxd8 $17)
13. Bd2 a5 14. e4 N5b6 15. Bb3 e5 16. Be3 exd4 17. Bxd4 Nc5 18. Rd1 Qg5 19. Nf5
O-O-O 20. Be3 Qf6 21. Qg3 Bxf5 22. gxf5 Nxb3 $13) 12... Bg6 13. Na2 (13. Na2
Be7 (13... Bd6 14. e4 Ne7 15. Nc3 h5 16. g5 h4 17. f4 Qa5 18. Ne3 O-O-O 19. Be2
Nb6 20. Bd2 Bxf4 21. Rxf4 Rxd4 22. Qc1 Rhd8 23. Be1 $18) 14. e4 N5b6 15. Bb3 a5
16. Nc3 h5 17. Nf4 Nf8 18. gxh5 Bxh5 19. Be3 Bd6 20. Qd2 g5 21. Nd3 Be7 22. f4
Ng6 $11) (13. Qb3 Qb6 14. Na2 Be7 15. Qd1 h6 16. e4 Nb4 17. Be3 Nxa2 18. Rxa2
a5 19. Kh1 Qb4 20. b3 e5 21. Qe1 Qxe1 22. Rxe1 exd4 $14) (13. f4) (13. Qb3)
13... Be7 14. e4 N5b6 15. Bb3 a5 16. Nc3 c5 17. d5 c4 18. Ba2 Bb4 19. Qe2 O-O
20. f4 h6 21. f5 exf5 22. gxf5 Bh7 23. Bxc4 Nxc4 24. Qxc4 Rc8 25. Qd3 Nc5 26.
Qf3 Re8 27. Re1 Nb3 28. Rb1 Nd4 29. Qd1 Qf6 30. Bf4 Bxf5 31. exf5 Rxe1+ 32.
Nxe1 Qxf5 33. Be3 Bxc3 34. bxc3 Ne2+ 35. Qxe2 Qxb1 36. Bd4 Rd8 37. c4 Qb4 38.
Ng2 Qxa4 39. Qg4 f6 40. Bxf6 Qd7 41. Qg3 Rf8 42. Bd4 Rf7 43. Ne3 Qa4 44. Qb8+
Kh7 45. Qe5 Qa3 46. Qe4+ Kg8 47. Nf5 Qc1+ 48. Kg2 Qd2+ 49. Bf2 Rf6 50. h4 a4
51. d6 a3 52. Qg4 Rxf5 53. Qxf5 Qxd6 54. c5 Qc6+ 55. Kg1 a2 56. Bd4 {Jeg fik ti
lbudt remis, hvilket jeg brugte ca. 1 hel dogn til at overveje, jeg kan
desvarre ikke vinde i denne stilling!!  Ekslild skrev at han bestem ikke var
glad for sillingen og var godt tilfreds med remis. !  } 56... Qa4 {Diagram #}
1/2-1/2

[Event "Ch-DEN"]
[Site "corr"]
[Date "2000.??.??"]
[Round "?"]
[White "Christiansen, Tonny"]
[Black "Kristensen, Finn"]
[Result "1/2-1/2"]
[WhiteElo "2326"]
[BlackElo "2256"]
[PlyCount "29"]
[EventDate "2000.??.??"]
[Source "DSU"]
[SourceDate "2003.03.13"]

1. d4 Nf6 2. c4 e6 3. Nc3 Bb4 4. e3 O-O 5. Bd3 d5 6. a3 (6. Nf3 c5 7. O-O Nc6
8. a3 Bxc3 9. bxc3 dxc4 10. Bxc4 Qc7 11. Bd3 e5 12. Qc2 Re8 13. dxe5 Nxe5 14.
Nxe5 Qxe5 15. f3 Bd7 16. a4 Rad8 17. Re1 Bc6 18. e4 Nd5 19. Bd2 Nf4 20. Bf1 c4
21. Be3 Nd3 22. Bxd3 cxd3 23. Qd2 Qa5 24. Ra2 f5 25. exf5 Qxf5 26. Bxa7 Rxe1+
27. Qxe1 Qd5 $16) (6. cxd5 exd5 7. Nge2 Re8 8. O-O Bd6 9. f3 c5 10. Qe1 Nc6 11.
Qh4 Be7 12. Qf2 a6 13. Kh1 b5 14. dxc5 Bxc5 15. Nd4 Ne5 16. Bc2 Bd7 17. Nce2
Rc8 18. b3 Qe7 19. Bd2 Bb4 20. Bxb4 Qxb4 21. Rac1 $11) 6... Bxc3+ 7. bxc3 dxc4
8. Bxc4 c5 9. Nf3 (9. Bd3 Nc6 10. Nf3 Qc7 11. O-O e5 12. Qc2 Re8 13. dxe5 Nxe5
14. Nxe5 Qxe5 15. f3 Bd7 16. a4 Rad8 17. Re1 Bc6 18. e4 Nd5 19. Bd2 Nf4 20. Bf1
c4) (9. Bb2 Qa5 10. Nf3 cxd4 11. exd4) (9. Ne2 Qc7 10. Bd3 e5 11. O-O Nc6 12.
Bb2 Rd8) (9. f4 Qc7 10. Be2 b6 11. Nf3 Bb7 12. O-O Nc6 13. Bd3 Ne7 14. a4 Rfd8
15. a5 bxa5 16. Qa4 Be4 17. Bxe4 Nxe4 18. Qxa5 Qxa5 19. Rxa5 c4 $11) 9... Qc7
10. Ba2 Nc6 11. O-O e5 12. h3 (12. Qc2 Bg4 (12... e4 13. Ng5 Bf5 14. f3 Rae8
15. g4 Bg6 16. f4 Nxg4 17. f5 Bh5 18. Rf4 cxd4 19. cxd4 Qd8 20. Nxe4 Nxd4 21.
Qg2 Ne5 22. Nc3 Ndf3+ 23. Kh1 $19) 13. dxe5 Nxe5 14. Ne1 Rad8 15. f3 Be6 16. c4
Qa5 17. Bb2 Rd2 18. Qc1 Nd3 19. Qc3 Qxc3 20. Bxc3 Rxa2 21. Rxa2 Bxc4 22. Rd2
Nd5 23. Nxd3 Nxc3 $16) (12. d5 e4 13. dxc6 exf3 14. Qxf3 Bg4 15. Qg3 Qxc6 16.
e4 Be6 17. f3 Bxa2 18. Rxa2 Rfd8 19. e5 Ne8 20. Re2 Rd3 21. c4 Rad8 22. Bb2 Qe6
$15) 12... e4 13. Nh2 Na5 14. Bb2 c4 15. Qc2 1/2-1/2

[Event "Ch-DEN"]
[Site "corr"]
[Date "2000.??.??"]
[Round "?"]
[White "Christiansen, Tonny"]
[Black "Laursen, Bjorn"]
[Result "1/2-1/2"]
[WhiteElo "2326"]
[BlackElo "2266"]
[PlyCount "45"]
[EventDate "2000.??.??"]
[Source "DSU"]
[SourceDate "2003.03.13"]

1. d4 d5 2. c4 c6 3. Nf3 Nf6 4. Nc3 dxc4 5. a4 Bf5 6. e3 (6. a5 e6 7. Qa4 Na6
8. Bg5 Be7 9. Bxf6 Bxf6 10. e4 Bg4 11. Bxc4 Bxf3 12. Bxa6 O-O 13. Be2 Bxe2 14.
Nxe2 e5 15. dxe5 Bxe5 16. Rd1 Qc7 $17) (6. Ne5 e6 7. f3 Bb4 8. e4 Bxe4 9. fxe4
Nxe4 10. Bd2 Qxd4 11. Nxe4 Qxe4+ 12. Qe2 Bxd2+ 13. Kxd2 Qd5+ 14. Kc2 Na6 15.
Nxc4 O-O-O 16. Qe5 f6 17. Qe3 Kb8 18. Be2 e5 19. Rad1 Qe6 $11) (6. Nh4 e6 7.
Nxf5 exf5 8. e3 Bb4 9. Bxc4 O-O 10. O-O Nbd7 11. Qc2 g6 $16) (6. g3 Na6 7. Bg2
Nb4 8. O-O Bc2 9. Qd2 a5 $17) 6... e6 7. Bxc4 Bb4 8. O-O O-O (8... h6) 9. Qe2 (
9. Nh4 Nbd7 10. Nxf5 exf5 11. Qc2 g6 12. f3 Rc8 13. Rd1 Qe7 14. e4 c5 15. d5
Bxc3 16. Qxc3 fxe4 17. Bf4 Nh5 18. Bh6 exf3 19. Bxf8 Rxf8 20. Qxf3 Ne5 21. Qc3
Qg5 22. Bf1 $16) 9... Nbd7 10. Ne5 (10. e4 Bg6 11. Bd3 Bh5 12. e5 Nd5 13. Ne4
h6 14. Ng3 Bg6 15. Bxg6 fxg6 16. Bd2 Bxd2 17. Qxd2 g5 18. b4 Nf4 19. Ne4 Nb6
20. Nd6 g4 21. Ne1 Nbd5 22. Nd3 Qb6 23. Nxf4 Rxf4 24. Rad1) (10. h3 Bg6 11. Rd1
Qe7 12. Nh4 Rfd8 13. Nxg6 hxg6 14. Qc2 Rac8 15. b3 Nb6 16. Na2 Bd6 17. a5 Nxc4
18. bxc4 c5 19. Ba3 cxd4 20. Bxd6 Qxd6 21. exd4 Qa6 $15) (10. b3 Bg6 11. Rd1
Re8 12. Bd3 Bxd3 13. Rxd3 $11) (10. Ne5 Bg6 11. Nxg6 hxg6 12. Rd1 Qa5 13. h3
Rad8 14. Bd2 e5 15. Be1 exd4 16. Rxd4 Nb6 17. Bb3 Rxd4 18. exd4 Re8 19. Qd3
Nbd5 20. Bd2 Qb6 21. a5 Qc7 22. Nxd5 Nxd5 23. Bxb4 Nxb4 $14) (10. Nh4 Bg4 11.
f3 Bh5 12. g4 Nd5 13. Qf2 Bg6 14. Nxg6 hxg6 15. Bd2 a5 16. e4 N5b6 17. Bb3 e5
18. Be3 exd4 19. Bxd4 Qe7 20. Rac1 c5 $11) (10. Rd1 Bg6 11. Bd2 Qe7 12. a5 e5
13. Nh4 exd4 14. Nxg6 hxg6 15. exd4 Qxe2 16. Bxe2 a6 17. Bf3 Rfd8 18. Bg5 Re8
19. Kf1 Bd6 20. g3 Kf8 21. h4 Nh7 22. Bd2) 10... Bg6 11. Nxg6 hxg6 12. Rd1 Qa5
13. h3 Rad8 14. Bd2 Nb6 15. Ba2 e5 $1 16. dxe5 Qxe5 17. Qf1 (17. Be1 Bd6 18. g3
Nbd5 19. Nxd5 Nxd5 20. Bxd5 Qxd5) 17... Bd6 18. g3 Nfd5 19. Nxd5 Nxd5 20. Bxd5
Qxd5 21. Bc3 Qf5 22. Rd3 Bc7 23. Rad1 1/2-1/2

[Event "Ch-DEN"]
[Site "corr"]
[Date "2000.??.??"]
[Round "?"]
[White "Christiansen, Tonny"]
[Black "Ringsborg, Allan"]
[Result "1/2-1/2"]
[WhiteElo "2326"]
[BlackElo "2263"]
[PlyCount "42"]
[EventDate "2000.??.??"]
[Source "DSU"]
[SourceDate "2003.03.13"]

1. d4 f5 2. g3 Nf6 3. Bg2 d6 4. Nf3 g6 5. O-O Bg7 6. c4 O-O 7. Nc3 c6 8. d5 e5
9. dxe6 Bxe6 10. b3 (10. Qd3 Na6 11. Bf4 Re8 12. Ng5 Ng4 13. Nxe6 Rxe6 14. Rad1
Ne5 15. Qc2 Qa5 16. e4 Nxc4 17. Na4 Qb5 18. exf5 gxf5 19. b3 Ne5 20. Be3 Ng4
21. Bd4 Bxd4 22. Rxd4 $15) 10... Na6 11. Bb2 (11. Ng5 Qe7 (11... Bc8) 12. Bb2 (
12. Nxe6 Qxe6 13. Bb2 Rad8 14. Qc2 Qf7 15. Rad1 d5 16. Ba3 Rfe8 17. cxd5 Nxd5
18. Nxd5 cxd5 19. Qd3 Nc7 20. Rc1 Kh8 21. Rfd1 Rd7 22. Bc5 b6 23. Bd4 $14)
12... Bd7 13. Qc2 Rad8 14. Rad1 Bc8 15. Ba3 Ng4 16. Nh3 Ne3 17. fxe3 Qxe3+ 18.
Nf2 Qxc3 19. Qxc3 Bxc3 20. Bxd6 Rfe8 21. e4 Bb4 22. Bxb4 Nxb4 23. Bh3 Nxa2 $15)
11... Qe7 12. Ng5 Bd7 13. Qc2 (13. Qd2 Rad8 14. Rad1 Bc8 15. Na4 h6 16. Nf3 Ne4
17. Qc1 g5 18. e3 Qf7 19. Bxg7 Qxg7 20. Nd4 Rde8 21. Ne2 Nac5 22. Nb2 a5 23.
Rfe1 h5 $11) 13... Rad8 14. Rad1 Rfe8 15. Rfe1 h6 16. Nf3 d5 17. cxd5 Nb4 18.
Qc1 Nfxd5 19. Nxd5 Nxd5 20. Nh4 Bxb2 21. Qxb2 Nf4 1/2-1/2

[Event "Ch-DEN"]
[Site "corr"]
[Date "2000.??.??"]
[Round "?"]
[White "Hansen, Ojvind"]
[Black "Ringsborg, Allan"]
[Result "1/2-1/2"]
[WhiteElo "2151"]
[BlackElo "2263"]
[PlyCount "73"]
[EventDate "2000.??.??"]
[Source "DSU"]
[SourceDate "2003.03.13"]

1. e4 e5 2. Nc3 Nc6 3. Bc4 Nf6 4. Nf3 Bc5 5. d3 a6 6. Bg5 h6 7. Bxf6 Qxf6 8.
Nd5 Qd8 9. c3 d6 10. d4 exd4 11. cxd4 Ba7 12. Rc1 O-O 13. O-O Bg4 14. Bxa6 Nxd4
15. Bxb7 Bxf3 16. gxf3 Rb8 17. Rxc7 Ne6 18. Re7 Nf4 19. Bc6 Nxd5 20. Rxa7 Qg5+
21. Kh1 Nf4 22. Rg1 Qc5 23. Qc1 Qxa7 24. Qxf4 Kh8 25. Qg3 f5 26. b3 Rbd8 27.
Bd5 Rf6 28. exf5 Rxf5 29. Be4 Rf6 30. Bd5 g5 31. h4 Qd4 32. Be4 Rg8 33. Qh3 g4
34. Rxg4 Rff8 35. h5 Rxg4 36. Qxg4 d5 37. Qg6 1/2-1/2

[Event "Ch-DEN"]
[Site "corr"]
[Date "2000.??.??"]
[Round "?"]
[White "Hansen, Ojvind"]
[Black "Christiansen, Tonny"]
[Result "0-1"]
[WhiteElo "2151"]
[BlackElo "2326"]
[PlyCount "60"]
[EventDate "2000.??.??"]
[Source "DSU"]
[SourceDate "2003.03.13"]

1. e4 e5 2. Nc3 Nf6 3. g3 d5 4. exd5 Nxd5 5. Bg2 Nxc3 6. bxc3 Bd6 (6... Bc5 7.
Ne2 Nc6 8. O-O O-O 9. Rb1 Re8 10. d3 Bb6 11. Be3 Bg4 12. h3 Be6 13. c4 Nd4 14.
Nc3 Nf5 15. Bxb6 axb6 16. Bxb7 Ra3 17. Nb5 Rxa2 $11) (6... Nc6 7. Nf3 Bc5 8.
O-O O-O 9. Re1 Re8 10. d4 exd4 11. Rxe8+ Qxe8 12. cxd4 Bb6 13. c4 Bg4 14. c5
Rd8 15. Bg5 Rxd4 $17) 7. Nf3 Nc6 (7... e4 8. Nd4 O-O 9. O-O Re8 10. f3 Bc5 11.
Kh1 Bxd4 12. cxd4 Qxd4 13. c3 Qd3 14. fxe4 Nc6 15. Rf3 Bg4 16. Rxd3 Bxd1 17.
Re3 Ne5 $11) (7... O-O 8. O-O $11) 8. O-O O-O 9. Rb1 Re8 10. d4 Rb8 (10... h6)
11. Ng5 Bf5 12. Rxb7 Rxb7 13. Bxc6 Rb1 14. Bxe8 Qxe8 15. Qe2 h6 16. Nf3 Qc6 17.
dxe5 Bh3 18. Re1 Bxe5 19. Bd2 Rb2 20. Qd3 Bd6 21. c4 Rxa2 22. Rb1 Qa8 23. Ne1
Be5 24. Be3 a5 25. Bf4 Ra1 26. Rxa1 Bxa1 27. Bxc7 a4 28. Bd6 Bb2 29. Ba3 Bxa3
30. Qxa3 Qe4 0-1

[Event "Ch-DEN"]
[Site "corr"]
[Date "2000.??.??"]
[Round "?"]
[White "Hansen, Ojvind"]
[Black "Jorgensen, Eskild"]
[Result "1/2-1/2"]
[WhiteElo "2151"]
[BlackElo "2261"]
[PlyCount "62"]
[EventDate "2000.??.??"]
[Source "DSU"]
[SourceDate "2003.03.13"]

1. e4 c6 2. d4 d5 3. Nc3 dxe4 4. Nxe4 Nd7 5. Bc4 Ngf6 6. Ng5 e6 7. Qe2 Nb6 8.
Bb3 h6 9. N5f3 c5 10. Be3 Qc7 11. Ne5 a6 12. Ngf3 Nbd5 13. O-O Bd6 14. Nc4 Be7
15. dxc5 Nxe3 16. Nd6+ Bxd6 17. cxd6 Qxd6 18. Qxe3 O-O 19. Rad1 Qc7 20. Qe5
Qxe5 21. Nxe5 b5 22. c3 Bb7 23. Nd7 Nxd7 24. Rxd7 Bc6 25. Rd6 Rfc8 26. Rfd1 Kf8
27. f3 a5 28. a3 Ke7 29. Kf2 Ra7 30. R6d2 Rb8 31. Rd4 Rd7 1/2-1/2